=LDR 00000nam 2200000 4500 =001 INLIS000000000025392 =005 20130612123915 =008 ***********************************Ind** =035 ##$$0010-061300000025392 =041 ##$$a Ind =082 ##$$a From d =090 ##$$a From d, Mir w =100 ##$$a Mira W =245 ##$$a Solandra, Mira W =260 ##$$a 2005 $b Jakarta =300 ##$$a 368, 19 cm =650 ##$$a Novel remaja =850 ##$$a NBPNMAT